| 000 | 00586nam a2200181 a 4500 | ||
|---|---|---|---|
| 001 | BRCA_1225 | ||
| 005 | 20190320203332.0 | ||
| 008 | 141005s1987----mx-a---###---#000-0#spa-# | ||
| 020 | _a9687009128 | ||
| 050 | 4 |
_aTR810 _b.M49 1987 |
|
| 245 | 1 | 0 |
_aMéxico visto desde las alturas _cfotografía Michael Calderwood. |
| 260 |
_aMéxico _bFomento Cultural Banamex _c1987 |
||
| 300 |
_a323 p. _bil. (algunas a color) _c34 cm. |
||
| 650 | 1 | 4 |
_aFotografía _vGeografía física _zMéxico _94013 |
| 651 | 4 |
_aMéxico _xFotografía aérea _94014 |
|
| 700 | 1 |
_aCalderwood, Michael _94015 |
|
| 942 |
_2lcc _cB |
||
| 999 |
_c1095 _d1095 |
||